ARRUPE JESUIT UNIVERSITY

CORONAVIRUS -STOP THE SPREAD - CLEAN,DISINFECT,COVER

Jan Christian Smuts: (Record no. 54859)

MARC details
000 -LEADER
fixed length control field 00458nam a2200193Ia 4500
003 - CONTROL NUMBER IDENTIFIER
control field 0100
005 - DATE AND TIME OF LATEST TRANSACTION
control field 20180228124034.0
008 - FIXED-LENGTH DATA ELEMENTS--GENERAL INFORMATION
fixed length control field 130303s9999 xx 000 0 und d
040 ## - CATALOGING SOURCE
Transcribing agency ARRUPELIB
050 ## - LIBRARY OF CONGRESS CALL NUMBER
Classification number DT779.8.S6S5 1952
300 ## - PHYSICAL DESCRIPTION
Other physical details 496p. 24cm.
100 ## - MAIN ENTRY--PERSONAL NAME
Personal name Smuts, Jan Christiaan
9 (RLIN) 39792
245 ## - TITLE STATEMENT
Title Jan Christian Smuts:
Remainder of title a biography /
260 ## - PUBLICATION, DISTRIBUTION, ETC. (IMPRINT)
Place of publication, distribution, etc New York
Name of publisher, distributor, etc William Morrow and Company
Date of publication, distribution, etc 1952
300 ## - PHYSICAL DESCRIPTION
Extent xiv
650 ## - SUBJECT ADDED ENTRY--TOPICAL TERM
Topical term or geographic name as entry element Smuts, Jan Christiaan
9 (RLIN) 39792
700 ## - ADDED ENTRY--PERSONAL NAME
Personal name Smuts, J. C.
9 (RLIN) 39793
942 ## - ADDED ENTRY ELEMENTS (KOHA)
Source of classification or shelving scheme Library of Congress Classification
Koha item type Monograph ( Printed materials)
Holdings
Withdrawn status Lost status Source of classification or shelving scheme Damaged status Not for loan Collection code Home library Current library Shelving location Date acquired Total Checkouts Full call number Barcode Date last seen Copy number Price effective from Koha item type
    Library of Congress Classification     Main Collection ARRUPE LIBRARY ARRUPE LIBRARY Main Collection 04/03/2013   DT779.8.S6S5 1952 46600000565 07/12/2017 1 04/03/2013 Monograph ( Printed materials)

 

Arrupe Library. PO Box MP320 Mt Pleasant, Harare, Zimbabwe
263 242 745411|librarian@aju.ac.zw